000 00727nam a2200205 a 4500
001 BRCA_5714
005 20190320205205.0
008 030311s1935----sz-bd#####---i000-0#eng-#
041 _aeng
044 _asz
050 4 _aHC59
_b.W67 1935
245 1 0 _aWorld Economic Survey 1931/32
_cLeague of Nations.
260 _aGinebra, Suiza
_c1935
300 _a2 v.
_bil., mapas
_c24 cm.
500 _aH34
505 0 _aContenido: v.1. Mapa de USA y Canadá sobre el incremento poblacional 1920-1930. Mapa de Europa sobre el incremento poblacional 1920. Mapa mundial sobre el incremento poblacional 1920. -- v.2. Tablas y estadísticas
650 1 4 _aEconomía mundial
_vEstudios
_zGinebra
_914504
902 _aGFM
942 _2lcc
_cB
999 _c5404
_d5404